Contributions to order statistics /
Guardado en:
| Otros Autores: | , |
|---|---|
| Formato: | Libro |
| Idioma: | English |
| Publicado: |
New York :
Wiley,
c1962.
|
| Series: | A Wiley publication in applied statistics
|
| Etiquetas: |
Agregar Etiqueta
Sin Etiquetas, Sea el primero en etiquetar este registro!
|
| LEADER | 00667nam a22001935a 4500 | ||
|---|---|---|---|
| 001 | MAT.inmabb002265 | ||
| 008 | 840525s1962####nyua#####b####001#0#eng#d | ||
| 005 | 20130430163103.0 | ||
| 245 | 1 | 0 | |a Contributions to order statistics / |c edited by Ahmed E. Sarhan and Bernard G. Greenberg. |
| 260 | |a New York : |b Wiley, |c c1962. | ||
| 300 | |a xxv, 482 p. : |b il. ; |c 24 cm. | ||
| 440 | 2 | |a A Wiley publication in applied statistics | |
| 504 | |a Incluye referencias bibliográficas. | ||
| 510 | 4 | |a MR, |c 29 #6587 | |
| 700 | 1 | |a Sarhan, Ahmad Ibadah. |4 edt | |
| 700 | 1 | |a Greenberg, Bernard G. |4 edt | |
| 084 | |a 62G30 |2 msc2000 | ||
| 010 | |a 62010932 | ||
| 859 | |h 62 |i C764 |p A-3928 |b BIB. MATEMATICA | ||
